Hlavné body reformy
Prehľad zmien Spoločnej poľnohospodárskej politiky EÚ.
Salvato in:
| Natura: | Capitolo di libro |
|---|---|
| Lingua: | slovacco |
| Soggetti: | |
| Tags: |
Nessun Tag, puoi essere il primo ad aggiungerne!!
|
MARC
| LEADER | 00000naa$a2200000$$$4500 | ||
|---|---|---|---|
| 001 | 0002267 | ||
| 005 | 20230925124100.4 | ||
| 041 | 0 | |a slo | |
| 044 | |a SK | ||
| 245 | 1 | 0 | |a Hlavné body reformy |
| 520 | |a Prehľad zmien Spoločnej poľnohospodárskej politiky EÚ. | ||
| 610 | 2 | 0 | |a politika poľnohospodárska |
| 610 | 2 | 0 | |a spolupráca hospodárska medzinárodná |
| 610 | 2 | 0 | |a Európska únia |
| 610 | 2 | 0 | |a dotácie |
| 610 | 2 | 0 | |a reformy poľnohospodárske |
| 610 | 2 | 0 | |a produkcia |
| 610 | 2 | 0 | |a obilniny |
| 610 | 2 | 0 | |a kvóty |